书目信息 |
| 题名: |
大学英语阅读
|
|
| 作者: | 夏宏钟 , 唐健禾 主编 | |
| 分册: | 第一册 | |
| 出版信息: | 成都 西南交通大学出版社 2010.08 |
|
| 页数: | 105页 | |
| 开本: | 23cm | |
| 丛书名: | 大学英语阅读教改系列丛书 | |
| 单 册: | ||
| 中图分类: | H319.4 | |
| 科图分类: | ||
| 主题词: | 英语--ying yu--阅读教学--高等学校--教材 | |
| 电子资源: | ||
| ISBN: | 978-7-5643-0733-2 | |
| 000 | 01007nam 2200265 450 | |
| 001 | 012010317843 | |
| 005 | 20101220155655.50 | |
| 010 | @a978-7-5643-0733-2@dCNY15.00 (含网络部分) | |
| 100 | @a20101220d2010 em y0chiy0120 ea | |
| 101 | 0 | @achi@aeng |
| 102 | @aCN@b510000 | |
| 105 | @aa z 000yy | |
| 106 | @ar | |
| 200 | 1 | @a大学英语阅读@Ada xue ying yu yue du@h第一册@f夏宏钟, 唐健禾主编@Fxia hong zhong,tang jian he zhu bian |
| 210 | @a成都@c西南交通大学出版社@d2010.08 | |
| 215 | @a105页@c图@d23cm | |
| 225 | 2 | @a大学英语阅读教改系列丛书@Ada xue ying yu yue du jiao gai xi lie cong shu |
| 330 | @a本书主要内容包括:ambition,science, culture,life,people around us,society,art and technology,diet and health等。 | |
| 410 | 0 | @12001 @a大学英语阅读教改系列丛书 |
| 606 | 0 | @a英语@Aying yu@x阅读教学@x高等学校@j教材 |
| 690 | @aH319.4@v4 | |
| 701 | 0 | @a夏宏钟@Axia hong zhong@4主编 |
| 701 | 0 | @a唐健禾@Atang jian he@4主编 |
| 801 | 0 | @aCN@bQSSK@c20101220 |
| 905 | @b789248-50@dH319.4@eX191:1@f3 | |
| 大学英语阅读.第一册/夏宏钟, 唐健禾主编.-成都:西南交通大学出版社,2010.08 |
| 105页:图;23cm.-(大学英语阅读教改系列丛书) |
| ISBN 978-7-5643-0733-2:CNY15.00 (含网络部分) |
| 本书主要内容包括:ambition,science, culture,life,people around us,society,art and technology,diet and health等。 |
| ● |
| 相关链接 |
|
|
|
正题名:大学英语阅读
索取号:H319.4/X191:1
 
预约/预借
| 序号 | 登录号 | 条形码 | 馆藏地/架位号 | 状态 | 备注 |
| 1 | 789248 | 207892486 | 语言库209/209语言库 49排6列6层/ [索取号:H319.4/X191:1] | 在馆 | |
| 2 | 789249 | 207892495 | 语言库209/209语言库 49排6列6层/ [索取号:H319.4/X191:1] | 在馆 | |
| 3 | 789250 | 207892501 | 语言库209/209语言库 49排6列6层/ [索取号:H319.4/X191:1] | 在馆 |